can you spell antidisestablishmentarianism - Statistics

General Stats
  • This quiz has been taken 1,419 times
  • The average score is 25 of 28
Answer Stats
Hint Answer % Correct
letter;1 a
100%
2 n
99%
5 d
98%
4 i
98%
3 t
98%
6 i
97%
7 s
96%
8 e
95%
9 s
94%
10 t
93%
11 a
92%
12 b
92%
13 l
92%
16 h
90%
14 i
90%
15 s
90%
18 e
89%
17 m
89%
19 n
89%
20 t
88%
21 a
87%
22 r
87%
23 i
86%
24 a
82%
25 n
81%
26 i
80%
28 m
78%
27 s
78%
No matching quizzes found
Score Distribution
Percent of People with Each Score
Percentile by Number Answered
Your Score History
You have not taken this quiz